<?xml version="1.0" encoding="UTF-8"?>
<record
    xmlns:xsi="http://www.w3.org/2001/XMLSchema-instance"
    xsi:schemaLocation="http://www.loc.gov/MARC21/slim http://www.loc.gov/standards/marcxml/schema/MARC21slim.xsd"
    xmlns="http://www.loc.gov/MARC21/slim">

  <leader>01015njm a2200253 i 4500</leader>
  <controlfield tag="001">4562</controlfield>
  <controlfield tag="003">ES-MaACL</controlfield>
  <controlfield tag="005">20240619063042.0</controlfield>
  <controlfield tag="007">s|r|||||||||||</controlfield>
  <controlfield tag="008">041203s1981    sp ||| g ||||||||1|nspa d</controlfield>
  <datafield tag="100" ind1="1" ind2=" ">
    <subfield code="a">Dicenta, Joaqu&#xED;n,</subfield>
    <subfield code="d">1893-1967</subfield>
    <subfield code="9">44476</subfield>
  </datafield>
  <datafield tag="245" ind1="1" ind2="3">
    <subfield code="a">Un pintor y sus poetas </subfield>
    <subfield code="b">: Antonio Delgado Raja </subfield>
    <subfield code="h">[Grabaci&#xF3;n sonora] / </subfield>
    <subfield code="c">recital por Joaqu&#xED;n Dicenta.</subfield>
  </datafield>
  <datafield tag="260" ind1=" " ind2=" ">
    <subfield code="a">Madrid : </subfield>
    <subfield code="b">Ateneo de Madrid, </subfield>
    <subfield code="c">1981.</subfield>
  </datafield>
  <datafield tag="300" ind1=" " ind2=" ">
    <subfield code="a">2 discos (CD-DA) (1 h. 16 min. 29 seg.) ; </subfield>
    <subfield code="c">12 cm.</subfield>
  </datafield>
  <datafield tag="500" ind1=" " ind2=" ">
    <subfield code="a">Datos basados en invitaci&#xF3;n.</subfield>
  </datafield>
  <datafield tag="518" ind1=" " ind2=" ">
    <subfield code="a">Acto organizado por el Ateneo de Madrid, grabado en la sala de conferencias el martes 1 de diciembre de 1981, a las 19:30 h.</subfield>
  </datafield>
  <datafield tag="600" ind1="1" ind2="4">
    <subfield code="a">Delgado Raja, Antonio.</subfield>
    <subfield code="9">43481</subfield>
  </datafield>
  <datafield tag="610" ind1="2" ind2="4">
    <subfield code="a">Ateneo de Madrid-</subfield>
    <subfield code="x">Actos culturales-</subfield>
    <subfield code="y">1981-</subfield>
    <subfield code="v">Grabaciones sonoras.</subfield>
    <subfield code="9">1893</subfield>
  </datafield>
  <datafield tag="710" ind1="2" ind2=" ">
    <subfield code="a">Ateneo de Madrid.</subfield>
    <subfield code="9">1875</subfield>
  </datafield>
  <datafield tag="852" ind1=" " ind2=" ">
    <subfield code="a">ES-MaACL</subfield>
    <subfield code="j">ROT 4/7/28</subfield>
    <subfield code="9">4679</subfield>
    <subfield code="c">ROT</subfield>
  </datafield>
  <datafield tag="852" ind1=" " ind2=" ">
    <subfield code="a">ES-MaACL</subfield>
    <subfield code="j">ROT 4/7/29</subfield>
    <subfield code="9">203556</subfield>
    <subfield code="c">ROT</subfield>
  </datafield>
  <datafield tag="942" ind1=" " ind2=" ">
    <subfield code="2">udc</subfield>
  </datafield>
  <datafield tag="999" ind1=" " ind2=" ">
    <subfield code="c">4562</subfield>
    <subfield code="d">4562</subfield>
  </datafield>
  <datafield tag="952" ind1=" " ind2=" ">
    <subfield code="0">0</subfield>
    <subfield code="1">0</subfield>
    <subfield code="2">udc</subfield>
    <subfield code="4">0</subfield>
    <subfield code="7">0</subfield>
    <subfield code="8">archivo_palabra</subfield>
    <subfield code="a">ATENEOM</subfield>
    <subfield code="b">ATENEOM</subfield>
    <subfield code="c">ROT</subfield>
    <subfield code="d">2008-01-17</subfield>
    <subfield code="l">0</subfield>
    <subfield code="o">ROT 4/7/28</subfield>
    <subfield code="p">1004625</subfield>
    <subfield code="r">2023-02-23 00:00:00</subfield>
    <subfield code="w">2023-02-23</subfield>
    <subfield code="y">CDROM</subfield>
  </datafield>
  <datafield tag="952" ind1=" " ind2=" ">
    <subfield code="0">0</subfield>
    <subfield code="1">0</subfield>
    <subfield code="2">udc</subfield>
    <subfield code="4">0</subfield>
    <subfield code="7">0</subfield>
    <subfield code="8">archivo_palabra</subfield>
    <subfield code="a">ATENEOM</subfield>
    <subfield code="b">ATENEOM</subfield>
    <subfield code="c">ROT</subfield>
    <subfield code="d">2008-01-17</subfield>
    <subfield code="l">0</subfield>
    <subfield code="o">ROT 4/7/29</subfield>
    <subfield code="r">2024-06-17 00:00:00</subfield>
    <subfield code="w">2023-02-23</subfield>
    <subfield code="y">CDROM</subfield>
  </datafield>
</record>
